[Event "35th Nezhmetdinov Cup"]
[Site "Kazan RUS"]
[Date "2013.05.31"]
[Round "1.14"]
[White "Kostrikina,A"]
[Black "Ibragimov,I"]
[Result "0-1"]
[WhiteElo "2151"]
[BlackElo "2571"]

1.e4 d6 2.d4 g6 3.Nc3 Bg7 4.f4 Nf6 5.Nf3 O-O 6.Bd3 Na6 7.O-O c5 8.d5 Rb8
9.Qe2 Nc7 10.a4 Bg4 11.Re1 e6 12.h3 Bxf3 13.Qxf3 exd5 14.exd5 a6 15.a5 Nd7
16.Bd2 f5 17.Re2 b5 18.axb6 Nxb6 19.b3 Qd7 20.Rae1 Rbe8 21.Nd1 Rxe2 22.Rxe2 Ncxd5
23.Ba5 Kh8 24.c4 Nb4 25.Bxb6 Nc6 26.Re1 Qb7 27.Re6 Qxb6 28.Rxd6 Rc8 29.Kh2 Qc7
30.Qd5 Bf8 31.Rd7 Qxf4+ 32.Kh1 Re8 33.Rxh7+ Kxh7 34.Qf7+ Bg7 35.Qxe8 Ne5
36.Qd8 Qg3 37.Bf1 Qe1 38.Kg1 Nc6 39.Qd3 Bd4+ 40.Kh2 Ne5 41.Qe2 Qb4 42.Qc2 Kg7
43.Kh1 Qe1 44.Qe2 Qg3 45.Nb2 Kf6 46.Nd3 Ng4  0-1

[Event "OKU Open A 2013"]
[Site "Maarssen NED"]
[Date "2013.05.31"]
[Round "1.19"]
[White "Smits,Mar"]
[Black "Pilgrim,P"]
[Result "1-0"]
[WhiteElo "2163"]
[BlackElo "2018"]

1.e4 g6 2.d4 Bg7 3.Nc3 d6 4.f4 e6 5.Nf3 Ne7 6.Bd3 b6 7.O-O Ba6 8.f5 Bxd3
9.Qxd3 gxf5 10.Bg5 f6 11.exf5 fxg5 12.Nxg5 Bf6 13.Nxe6 Qc8 14.Ne4 Nd7 15.Qh3 h5
16.Qg3 Qb7 17.Rae1 Bxd4+ 18.Kh1 Be5 19.f6 Rh7 20.Qf3 Nd5 21.N4g5 Rh8 22.Qf5 N7xf6
23.Ng7+ Kf8 24.Qd7 Ne7 25.Rxe5 Rh6 26.Qxe7+ Kg8 27.Qf7+ Kh8 28.Rxf6 Rxf6
29.Qxh5+ Kg8 30.Qh7+ Kf8 31.Qh8+  1-0

[Event "Icelandic Open Championship 2013"]
[Site "Reykjavik ISL"]
[Date "2013.06.01"]
[Round "3.3"]
[White "Bergthorsson,J"]
[Black "Danielsen,Hen"]
[Result "0-1"]
[WhiteElo "2143"]
[BlackElo "2500"]

1.d4 d6 2.e4 g6 3.Nc3 Bg7 4.Be3 a6 5.Qd2 Nd7 6.h4 h5 7.Bc4 b5 8.Bb3 Ngf6
9.f3 Bb7 10.d5 c5 11.dxc6 Bxc6 12.Nh3 O-O 13.Ng5 a5 14.a4 bxa4 15.Nxa4 Qb8
16.O-O Qb4 17.Qf2 Nh7 18.Rfd1 Nxg5 19.Bxg5 Rfe8 20.Be3 Reb8 21.Ra2 Qb7 22.Qg3 Qc7
23.Rd2 Ne5 24.Bd4 Rxb3 25.cxb3 Bxa4 26.Ra1 Bxb3 27.Qf2 a4 28.Kh1 Rc8 29.Rg1 Bh6
30.f4 Ng4  0-1

[Event "Grand Europe Open Albena"]
[Site "Albena BUL"]
[Date "2013.06.02"]
[Round "2.25"]
[White "Gruenfeld,Y"]
[Black "Shishkov,M"]
[Result "0-1"]
[WhiteElo "2445"]
[BlackElo "2264"]

1.e4 g6 2.d4 Bg7 3.Nc3 d6 4.Be3 a6 5.Nf3 Nf6 6.Qd2 Ng4 7.Bg5 h6 8.Bh4 b5
9.h3 Nf6 10.Bd3 g5 11.Bg3 Bb7 12.e5 b4 13.Ne2 Nd5 14.c4 bxc3 15.bxc3 Nb6
16.Qc2 N8d7 17.e6 fxe6 18.Bg6+ Kf8 19.h4 Kg8 20.hxg5 Nf8 21.Bh5 Qd7 22.a4 Qc6
23.a5 Nbd7 24.Rh4 hxg5 25.Nxg5 Rxh5 26.Rxh5 Nf6 27.Rh4 Qd5 28.Nf3 Qf5 29.Qxf5 exf5
30.Rb1 Be4 31.Rb2 Ng6 32.Rh1 Nd5 33.Nd2 Bd3 34.Nc1 f4 35.Nxd3 fxg3 36.Ne4 gxf2+
37.Rxf2 Rb8 38.Rb2 Rc8 39.Rb7 c5 40.Rh5 Nf6 41.Rg5 Kh7 42.Ndf2 cxd4 43.cxd4 Rc4
44.Rb3 Nf4 45.Rf3 Ne6 46.Nxf6+ exf6 47.Rg4 Nxd4 48.Rh3+ Kg8 49.Rd3  0-1

[Event "Grand Europe Open Albena"]
[Site "Albena BUL"]
[Date "2013.06.02"]
[Round "2.51"]
[White "Reipsch,J"]
[Black "Porfireanu,S"]
[Result "1-0"]
[WhiteElo "2221"]
[BlackElo "1905"]

1.e4 g6 2.d4 d6 3.Nc3 Bg7 4.f4 Nf6 5.Nf3 O-O 6.a3 Bg4 7.Be3 Nbd7 8.e5 Ne8
9.h3 Bxf3 10.Qxf3 c6 11.h4 c5 12.O-O-O a6 13.h5 b5 14.dxc5 Rc8 15.c6 Nb8
16.hxg6 fxg6 17.Qh3 h5 18.Bd3 Nc7 19.Bxg6  1-0

[Event "35th Nezhmetdinov Cup"]
[Site "Kazan RUS"]
[Date "2013.06.02"]
[Round "3.46"]
[White "Kostrikina,A"]
[Black "Gubajdullin,M"]
[Result "1-0"]
[WhiteElo "2151"]
[BlackElo "1936"]

1.e4 d6 2.d4 g6 3.Nc3 Bg7 4.Be3 Nf6 5.f3 O-O 6.Qd2 b6 7.Bd3 Ba6 8.Nge2 Bxd3
9.Qxd3 c5 10.O-O Nc6 11.Rad1 a6 12.Qd2 c4 13.d5 Ne5 14.h3 b5 15.a3 Ned7 16.Nd4 Nb8
17.Qe2 Ne8 18.a4 b4 19.Na2 b3 20.cxb3 Bxd4 21.Rxd4 cxb3 22.Nc1 Nd7 23.Nxb3 Qb6
24.Rd3 Qb4 25.Nd4 Ne5 26.Rc3 Qxa4 27.f4 Nd7 28.Rc4 Qa2 29.Nc6 e6 30.Qc2  1-0

[Event "6th Mayors Cup 2013"]
[Site "Mumbai IND"]
[Date "2013.06.02"]
[Round "7"]
[White "Prince,Ba"]
[Black "Akshat,Kh"]
[Result "1-0"]
[WhiteElo "2258"]
[BlackElo "2382"]

1.e4 g6 2.d4 Bg7 3.Nc3 d6 4.Be2 a6 5.a4 Nd7 6.Nf3 c5 7.d5 Ngf6 8.O-O O-O
9.h3 b6 10.Bf4 Rb8 11.Qd2 b5 12.axb5 axb5 13.Bxb5 Nxe4 14.Nxe4 Rxb5 15.Bh6 Rb8
16.Bxg7 Kxg7 17.b3 Nb6 18.Rfe1 Bb7 19.c4 Ra8 20.Rxa8 Bxa8 21.Ng3 Nd7 22.Nh4 Kh8
23.Qh6 Rg8 24.Qe3 Re8  1-0

[Event "2nd Server24 Open"]
[Site "Ortisei ITA"]
[Date "2013.06.04"]
[Round "4.18"]
[White "Spornberger,Andre"]
[Black "Meertens,Mart"]
[Result "0-1"]
[WhiteElo "2073"]
[BlackElo "2165"]

1.e4 d6 2.d4 g6 3.Nc3 Bg7 4.Be3 Nf6 5.h3 O-O 6.Nf3 a6 7.a4 b6 8.e5 Nfd7 9.e6 fxe6
10.Bd3 Nf6 11.h4 Nc6 12.h5 gxh5 13.Ne4 Nb4 14.Nxf6+ exf6 15.Rxh5 f5 16.Qd2 Nxd3+
17.cxd3 Qe8 18.Rh2 c5 19.O-O-O cxd4 20.Bh6 Ra7 21.Rdh1 f4 22.Bxf4 e5 23.Bh6 Qxa4
24.Kb1 Be6 25.b4 Qb3+ 26.Ka1 Qa3+ 27.Kb1 Qb3+ 28.Ka1 a5 29.b5 Qa4+ 30.Kb1 Qxb5+
31.Ka1 Qa4+ 32.Kb1 Qb3+ 33.Ka1 Rc8 34.Ne1 Rc5  0-1

[Event "Icelandic Open Championship 2013"]
[Site "Reykjavik ISL"]
[Date "2013.06.04"]
[Round "6.7"]
[White "Sverrisson,N"]
[Black "Gislason,G"]
[Result "0-1"]
[WhiteElo "2012"]
[BlackElo "2321"]

1.e4 g6 2.d4 Bg7 3.Nc3 d6 4.Be3 a6 5.a4 b6 6.Nf3 Nd7 7.Bd3 Bb7 8.Qd2 h6 9.h3 e6
10.O-O Ne7 11.Nh2 Nf6 12.f4 d5 13.e5 Ne4 14.Nxe4 dxe4 15.Be2 h5 16.Rfd1 Nf5
17.Nf1 Bh6 18.c4 Qh4 19.d5 exd5 20.cxd5 Nxe3 21.Qxe3 Qxf4 22.Qc3 Rc8 23.g3 Qg5
24.h4 Qe7 25.Qd4 O-O 26.Qxe4 Rfe8 27.e6 Qf6 28.Bd3 Rxe6 29.Qb4 Qf3  0-1

[Event "Grand Europe Open Albena"]
[Site "Albena BUL"]
[Date "2013.06.05"]
[Round "5.38"]
[White "Vutov,M"]
[Black "Mladenov,E"]
[Result "1/2-1/2"]
[WhiteElo "2348"]
[BlackElo "2119"]

1.d4 d6 2.e4 g6 3.Nc3 Bg7 4.Be3 e5 5.dxe5 dxe5 6.Qxd8+ Kxd8 7.O-O-O+ Nd7
8.Bc4 f6 9.h4 c6 10.h5 g5 11.Bc5 Nh6 12.Nge2 Bf8 13.Bd6 Bxd6 14.Rxd6 Kc7
15.Rhd1 Rf8 16.f3 Nb6 17.Bb3 Bd7 18.Na4 Rad8 19.c4 Nc8 20.R6d2 b6 21.c5 f5
22.exf5 Nxf5 23.Re1 Rde8 24.Nac3 h6 25.Ne4 Re7 26.N4g3 Nxg3 27.Nxg3 g4 28.Bd1 Rf4
29.Ne4 gxf3 30.gxf3 Bf5 31.Nd6 bxc5 32.Nxf5 Rxf5 33.Rh2 Nb6 34.Rh4 Nd5 35.a3 Kd6
36.Rg1 Nf4 37.Rh2 c4 38.Kd2 Rxh5 39.Rxh5 Nxh5 40.Rh1 Nf4 41.Rxh6+ Kc5 42.Bc2 Rg7
43.Rh2 Kd4 44.Be4 c5 45.Kc2 Rg2+ 46.Rxg2 Nxg2 47.Kd2 Nf4 48.Bb7 Nd3 49.Kc2 a5
50.Bc6 Nf2 51.Kd2 Nh3 52.Kc2 Nf4 53.Kd2 Nd5 54.Kc2 e4 55.fxe4 Kxe4 56.a4 c3
57.bxc3 Ke5 58.Kd3 Nb6 59.Be8 c4+ 60.Ke3 Nd5+ 61.Kd2  1/2-1/2

[Event "FSFMA June 2013"]
[Site "Budapest HUN"]
[Date "2013.06.05"]
[Round "5.4"]
[White "Juracsik,J"]
[Black "Reh,P"]
[Result "1/2-1/2"]
[WhiteElo "2155"]
[BlackElo "2068"]

1.e4 g6 2.d4 d6 3.Nc3 Bg7 4.Be3 Nf6 5.f3 c6 6.Qd2 b5 7.g4 h5 8.g5 Nfd7 9.f4 Nb6
10.b3 Qc7 11.a4 b4 12.Na2 a5 13.c4 c5 14.Rd1 cxd4 15.Bxd4 O-O  1/2-1/2

[Event "35th Nezhmetdinov Cup"]
[Site "Kazan RUS"]
[Date "2013.06.06"]
[Round "7.42"]
[White "Kostrikina,A"]
[Black "Konovalov,R2"]
[Result "0-1"]
[WhiteElo "2151"]
[BlackElo "2044"]

1.e4 g6 2.d4 Bg7 3.Nc3 d6 4.Be3 Nf6 5.Qd2 O-O 6.f3 a6 7.h4 h5 8.O-O-O b5
9.Nh3 Nc6 10.Nf4 e5 11.dxe5 Nxe5 12.Nfd5 Be6 13.Bg5 c6 14.Nxf6+ Bxf6 15.a3 Qe7
16.Qf4 Bxg5 17.hxg5 Rad8 18.Be2 f5 19.gxf6 Qxf6 20.Qxf6 Rxf6 21.Rd2 Kf7 22.Nd1 Ke7
23.Ne3 Rh8 24.Rhd1 Bc8 25.a4 g5 26.axb5 axb5 27.Bxb5 cxb5 28.Nd5+ Kf7 29.Nxf6 Kxf6
30.Rxd6+ Be6 31.Rb6 Nc4 32.Rxb5 Ra8 33.Kb1 h4 34.Rd3 Ra6 35.Rc5 Ne5 36.Re3 Ng6
37.Re2 Nf4 38.Rf2 Rb6 39.Rd2 Ra6 40.b3 Ng6 41.Kb2 Ne5 42.Rf2 Ng6 43.Rb5 Nf4
44.Rd2 Ra7 45.Rb6 Ke7 46.c4 Rd7 47.Rc2 Rd1 48.c5 Rg1 49.c6 Rxg2 50.Rxg2 Nxg2
51.c7 Bc8 52.Rg6 h3 53.Rxg5 Nh4 54.Rh5 Nxf3 55.Rh7+ Kd6 56.Kc3 Ng5 57.Rh6+ Kxc7
58.Kd4 h2 59.Ke3 Nh3  0-1

[Event "FSFMA June 2013"]
[Site "Budapest HUN"]
[Date "2013.06.07"]
[Round "7.5"]
[White "Mester,A"]
[Black "Reh,P"]
[Result "1/2-1/2"]
[WhiteElo "2075"]
[BlackElo "2068"]

1.e4 g6 2.d4 d6 3.Nc3 Bg7 4.Be3 Nf6 5.h3 O-O 6.f4 c5 7.Nf3 cxd4 8.Nxd4 Nc6
9.Be2 Bd7 10.Nb3 Qc7 11.O-O Rac8  1/2-1/2

[Event "2nd Server24 Open"]
[Site "Ortisei ITA"]
[Date "2013.06.07"]
[Round "7.19"]
[White "Paltrinieri,N"]
[Black "Tillmann,Marc"]
[Result "1-0"]
[WhiteElo "2174"]
[BlackElo "2008"]

1.d4 g6 2.e4 Bg7 3.Nc3 d6 4.Be3 Nf6 5.Qd2 O-O 6.f4 Ng4 7.Nf3 Nxe3 8.Qxe3 c6
9.Bd3 Qb6 10.Ne2 Bg4 11.e5 dxe5 12.fxe5 Nd7 13.O-O-O c5 14.c3 cxd4 15.cxd4 Qa5
16.Kb1 Be6 17.Nc3 Nb6 18.Be4 Rfd8 19.Qe2 a6 20.h4 Nd5 21.Bxd5 Bxd5 22.h5 Rac8
23.Nxd5 Qxd5 24.Qd3 Rc6 25.g4 Rdc8 26.Rh2 Rc4 27.Rf2 Qb5 28.Rfd2 gxh5 29.g5 h6
30.a3 Kf8 31.gxh6 Bxh6 32.Qh7 Bg7 33.Rg1 Qb3 34.Qxg7+ Ke8 35.e6  1-0

[Event "FIDE World Blitz 2013"]
[Site "Khanty-Mansiysk RUS"]
[Date "2013.06.09"]
[Round "4.21"]
[White "Mamedov,Rau"]
[Black "Lagno,Kateryna"]
[Result "0-1"]
[WhiteElo "2637"]
[BlackElo "2542"]

1.e4 d6 2.d4 g6 3.Nc3 Bg7 4.f4 Nf6 5.Nf3 O-O 6.Bd3 Na6 7.O-O c5 8.d5 Bg4
9.Kh1 Nc7 10.h3 Bxf3 11.Qxf3 e6 12.Bd2 Qd7 13.a4 a6 14.a5 Nb5 15.Rae1 Rae8
16.Nxb5 axb5 17.c4 bxc4 18.Bxc4 exd5 19.exd5 Rxe1 20.Rxe1 Re8 21.Re2 Rxe2
22.Qxe2 Qf5 23.Kh2 h5 24.Qf3 h4 25.Bc3 Nh5 26.Bd2 Bxb2 27.Bd3 Qf6 28.Qg4 Qd4
29.Bxg6 fxg6 30.Qe6+ Kh7 31.Be3 Qf6 32.Qd7+ Ng7 33.Qxb7 Bd4 34.Bd2 c4 35.a6 c3
36.Bc1 Bc5 37.Qb5 Qd4 38.Qf1 c2 39.Qe1 Nf5 40.Bd2 Qxd5 41.Bc3 Qd1  0-1

[Event "FIDE World Blitz 2013"]
[Site "Khanty-Mansiysk RUS"]
[Date "2013.06.09"]
[Round "5.22"]
[White "Guseinov,G"]
[Black "Lagno,Kateryna"]
[Result "1-0"]
[WhiteElo "2631"]
[BlackElo "2542"]

1.e4 d6 2.d4 g6 3.Nc3 Bg7 4.Nf3 Nf6 5.Be2 O-O 6.O-O Nbd7 7.Be3 c5 8.h3 b6
9.Re1 Bb7 10.d5 a6 11.a4 Ne5 12.Nd2 Qc7 13.Nc4 Nxc4 14.Bxc4 Rae8 15.Qd3 Qc8
16.Qd2 Rd8 17.Bg5 Rfe8 18.Qf4 Nd7 19.Qh4 Bf6 20.f4 Bxg5 21.Qxg5 Nf8 22.Rad1 Qc7
23.h4 e5 24.f5 f6 25.Qxf6 Qe7 26.Qxe7 Rxe7 27.Rf1 Nd7 28.Rf3 Rf8 29.fxg6 Rxf3
30.gxh7+ Rxh7 31.gxf3 Rxh4 32.Rd2 Nf6 33.Rh2 Rxh2 34.Kxh2 Nh5 35.Nd1 Nf4
36.Ne3 Bc8 37.Bf1 Kf7 38.Nc4 b5 39.Nxd6+  1-0

[Event "FIDE World Blitz 2013"]
[Site "Khanty-Mansiysk RUS"]
[Date "2013.06.09"]
[Round "8.6"]
[White "Vitiugov,N"]
[Black "Cheparinov,I"]
[Result "1/2-1/2"]
[WhiteElo "2734"]
[BlackElo "2678"]

1.d4 g6 2.e4 Bg7 3.Nc3 d6 4.g3 Nf6 5.Bg2 O-O 6.Nge2 c6 7.O-O b5 8.e5 Ne8
9.f4 b4 10.Ne4 Qb6 11.Kh1 a5 12.c3 Ba6 13.h4 Nc7 14.h5 Nd5 15.Bd2 Nd7 16.Bf3 Rad8
17.hxg6 hxg6 18.Qc2 c5 19.e6 fxe6 20.Ng5 Rf6 21.c4 cxd4 22.cxd5 d3 23.Qd1 dxe2
24.Bxe2 exd5 25.Bxa6 Qxa6 26.Be3 Qb7 27.Kg1 Nf8 28.Bd4 e5 29.fxe5 dxe5 30.Bc5 Qc6
31.Rc1 Qd7 32.Rxf6 Bxf6 33.Nf3 Ne6 34.Bb6 Re8 35.Qc2 e4 36.Nd2 Nd4 37.Qd1 e3
38.Bxd4 e2 39.Qc2 Bxd4+ 40.Kg2 Qg4 41.Nf3 Bg7 42.Re1 Qe4 43.Qxe4 dxe4 44.Ng5 Bxb2
45.Rxe2 Bf6 46.Nxe4 Kg7 47.Kf3 a4 48.Rc2 Re7 49.Rc6 Be5 50.Rb6 b3 51.axb3 a3
52.Ra6 Bb2 53.Nc5 Re1 54.b4 Rc1 55.Ne6+ Kf7 56.b5 Rc3+ 57.Ke4 Ke7 58.Nf4 Rc4+
59.Kd3 Rc5 60.b6 Kd7 61.Ne6 Rb5 62.Nc7 Rxb6 63.Rxb6 a2 64.Ra6 a1=Q 65.Rxa1 Bxa1
66.Nd5  1/2-1/2

[Event "FIDE World Blitz 2013"]
[Site "Khanty-Mansiysk RUS"]
[Date "2013.06.09"]
[Round "9.21"]
[White "Popov,Iv RUS"]
[Black "Lagno,Kateryna"]
[Result "1-0"]
[WhiteElo "2632"]
[BlackElo "2542"]

1.e4 d6 2.d4 g6 3.Nc3 Bg7 4.Nf3 Nf6 5.Be2 O-O 6.O-O Nbd7 7.Re1 c5 8.d5 Rb8
9.a4 a6 10.h3 Ne8 11.Bf4 b6 12.Bf1 Nc7 13.e5 dxe5 14.Nxe5 Nxe5 15.Bxe5 Bxe5
16.Rxe5 b5 17.axb5 axb5 18.Ra7 Qd6 19.Re1 b4 20.Ne4 Qb6 21.Ra1 Rd8 22.Bc4 Bb7
23.d6 exd6 24.Bxf7+ Kxf7 25.Qf3+ Kg7 26.Qf6+ Kg8 27.Ng5 Rd7 28.Re7 Rxe7 29.Qxe7 Bd5
30.Re1 Be6 31.Rxe6  1-0

[Event "FIDE World Blitz 2013"]
[Site "Khanty-Mansiysk RUS"]
[Date "2013.06.09"]
[Round "12.18"]
[White "Pridorozhni,A"]
[Black "Lagno,Kateryna"]
[Result "1-0"]
[WhiteElo "2512"]
[BlackElo "2542"]

1.e4 d6 2.d4 g6 3.Nc3 Bg7 4.Be3 a6 5.Qd2 b5 6.f3 Nd7 7.h4 h5 8.Nh3 Nb6 9.Ng5 Nf6
10.a4 b4 11.Nd1 a5 12.Nf2 Bd7 13.b3 O-O 14.Rd1 Rc8 15.Nd3 e6 16.Qf2 Qe7 17.Be2 Nh7
18.Nxh7 Kxh7 19.g4 f5 20.Bg5 Qf7 21.exf5 exf5 22.gxh5 gxh5 23.Nf4 Nd5 24.Bc4 c6
25.Nxd5 cxd5 26.Bd3 Rfe8+ 27.Kd2 Qf8 28.Rde1 Qh8 29.Rxe8 Rxe8 30.Re1 Bxd4
31.Rxe8 Bc3+ 32.Kd1 Qxe8 33.Qe2 Kg6 34.Qxe8+ Bxe8 35.Bd8 Bf6 36.Bxa5 Bxh4
37.Bxb4 Bf2 38.Bxd6 h4 39.Ke2 Bb6 40.Kf1 Kf6 41.Kg2 Ke6 42.Bf4 Bh5 43.Be2 d4
44.Bg5 Kd5 45.Bxh4 Kc5 46.Be7+ Kd5 47.Bc4+ Ke5 48.Bg5 f4 49.Bd3 Ba5 50.Bh4 Bc3
51.Bd8 Kd6 52.a5 Kd7 53.Bb6 Kc6 54.Be4+ Kb5 55.Bc7 Bxa5 56.Bxf4 Bc3 57.Be5 Kb4
58.f4 Ka3 59.f5 Kb2 60.f6 Bf7 61.Bd3 Kc1 62.Kf3 Kd2 63.Ke4  1-0

[Event "FIDE World Blitz 2013"]
[Site "Khanty-Mansiysk RUS"]
[Date "2013.06.09"]
[Round "14.9"]
[White "Najer,E"]
[Black "Tkachiev,V"]
[Result "1-0"]
[WhiteElo "2633"]
[BlackElo "2649"]

1.e4 d6 2.d4 g6 3.Nc3 Bg7 4.Be3 c6 5.Nf3 Nd7 6.Qd2 e5 7.O-O-O Qe7 8.Kb1 Ngf6
9.Bh6 O-O 10.Bxg7 Kxg7 11.Bd3 b5 12.Ne2 Rb8 13.Ng3 c5 14.dxe5 dxe5 15.Qg5 Kh8
16.h4 Ng8 17.Be2 h6 18.Qc1 Ndf6 19.h5 g5 20.Nh2 c4 21.Nhf1 Qc5 22.Qe3 Qc7
23.Qd2 Ne7 24.Qd6 Qxd6 25.Rxd6 Be6 26.Ne3 Kg7 27.Rhd1 Rfc8 28.Ra6 Rc7 29.a3 Bc8
30.Rad6 Be6 31.c3 a5 32.Ra6 b4 33.axb4 axb4 34.Rc1 bxc3 35.Rxc3 Rcb7 36.Ra2 Rb4
37.Bxc4 Rc8 38.Bxe6 Rxc3 39.Nef5+ Nxf5 40.Nxf5+ Kh7 41.Ra7 Nxe4  1-0

[Event "2nd Grand Europe Open 2013"]
[Site "Golden Sands BUL"]
[Date "2013.06.10"]
[Round "1.20"]
[White "Mekhitarian,K"]
[Black "Dragomirescu,C"]
[Result "1-0"]
[WhiteElo "2544"]
[BlackElo "2200"]

1.e4 g6 2.d4 Bg7 3.Nc3 d6 4.Be3 c6 5.a4 Nf6 6.h3 Nbd7 7.Nf3 O-O 8.Be2 e5
9.dxe5 dxe5 10.O-O Qc7 11.Bc4 b6 12.Qe2 Nh5 13.Rfd1 Nf4 14.Qd2 Nf6 15.Bxf4 exf4
16.e5 Nh5 17.Qd6 Qxd6 18.Rxd6 Bf5 19.Rxc6 Bxc2 20.Nd4 Bf5 21.Nxf5 gxf5 22.Be2 f3
23.Bxf3 Nf4 24.Rc4 Bxe5 25.Bxa8 Rxa8 26.Rd1 Re8 27.Kf1 Re6 28.b3 Rg6 29.Nd5 Rd6  1-0

[Event "FIDE World Blitz 2013"]
[Site "Khanty-Mansiysk RUS"]
[Date "2013.06.10"]
[Round "21.25"]
[White "Potapov,P"]
[Black "Kurnosov,I"]
[Result "0-1"]
[WhiteElo "2460"]
[BlackElo "2657"]

1.e4 g6 2.d4 Bg7 3.Nc3 d6 4.Be3 a6 5.Qd2 b5 6.Bd3 Nd7 7.Nf3 Bb7 8.a4 b4 9.Ne2 Ngf6
10.Ng3 c5 11.O-O O-O 12.c3 c4 13.Bb1 b3 14.Rd1 Qc7 15.Bh6 e5 16.Bxg7 Kxg7
17.Qg5 Kh8 18.h4 Ng8 19.h5 Qd8 20.Qe3 Qe7 21.a5 Bc6 22.hxg6 fxg6 23.Ng5 Bb5
24.Rf1 Rf4 25.Nh3 Rg4 26.Qf3 Nh6 27.Ne2 Rf8 28.Qe3 Rh4 29.Qg3 Rg4 30.Qe3 Rh4
31.Qg3 Rg4 32.Qe3 Qh4 33.Kh2 Rgf4 34.Kg1 Rf3 35.gxf3 Qxh3 36.Ng3 Rf4 37.Re1 Nf6
38.dxe5 dxe5 39.Qc5 Nxe4 40.fxe4 Ng4 41.Qc8+ Kg7 42.Qxg4 Qxg4 43.Re3 Rf3
44.Rxf3 Qxf3 45.Kf1 h5 46.Ke1 h4  0-1

[Event "FIDE World Blitz 2013"]
[Site "Khanty-Mansiysk RUS"]
[Date "2013.06.10"]
[Round "21.22"]
[White "Pasiev,R"]
[Black "Lagno,Kateryna"]
[Result "1-0"]
[WhiteElo "2384"]
[BlackElo "2542"]

1.e4 d6 2.d4 g6 3.Nc3 Bg7 4.Be3 a6 5.Qd2 b5 6.O-O-O Nf6 7.f3 Nbd7 8.Bh6 Bxh6
9.Qxh6 e5 10.Qd2 Qe7 11.Nge2 Nb6 12.g4 c5 13.dxc5 dxc5 14.Ng3 Be6 15.g5 Nfd7
16.Nd5 Bxd5  1-0

[Event "FIDE World Blitz 2013"]
[Site "Khanty-Mansiysk RUS"]
[Date "2013.06.10"]
[Round "23.6"]
[White "Najer,E"]
[Black "Andreikin,D"]
[Result "1-0"]
[WhiteElo "2633"]
[BlackElo "2713"]

1.e4 g6 2.d4 Bg7 3.Nc3 d6 4.Be3 Nf6 5.Nf3 O-O 6.Qd2 a6 7.Bh6 b5 8.Bd3 Bb7
9.e5 b4 10.Ne2 Nh5 11.Ng3 Bxf3 12.gxf3 Bxh6 13.Qxh6 Ng7 14.h4 f5 15.h5 g5
16.Bxf5 Nxf5 17.Qxg5+ Kh8 18.Nxf5 Rg8 19.Qxe7 Nc6 20.Qxd8 Raxd8 21.exd6 cxd6
22.O-O-O Rgf8 23.Nh4 Rf4 24.c3 Rc8 25.Kd2 Na5 26.Rde1 Nc4+ 27.Kc2 bxc3 28.bxc3 Rb8
29.Kd3 d5 30.Re2 Kg7 31.Rg1+ Kh6 32.Rg4 Rf6 33.f4 Rb1 34.Rg5 Rxf4 35.Rxd5 Nb6
36.Re6+ Kg7 37.Rc5 Rxh4 38.Rc7+ Kf8 39.Rxh7 Rh3+ 40.Kc2 Rhh1 41.h6 Nd5 42.Rd6 Rbc1+
43.Kd3 Rh3+ 44.Kc4 Nc7 45.Rd8+ Ne8 46.Rh8+ Kf7 47.Rdxe8 Rcxc3+ 48.Kd5 Rh5+
49.Kd6 Rxh6+ 50.Rxh6 Kxe8 51.d5 Rc2 52.f4 Rxa2 53.Re6+ Kf7 54.Kd7 a5 55.Ra6 a4
56.d6 a3 57.Kd8 Rd2 58.d7 a2 59.Ra3 Kf8 60.Kc7 Rc2+ 61.Kd6 Rd2+ 62.Ke6 Kg7
63.Rxa2 Rxa2 64.d8=Q Ra6+ 65.Kf5 Ra7 66.Qd4+  1-0

[Event "Zonal 3.4 2013"]
[Site "Osh KGZ"]
[Date "2013.06.10"]
[Round "4"]
[White "Atabayev,Y"]
[Black "Amangeldiyev,G"]
[Result "1-0"]
[WhiteElo "2443"]
[BlackElo "2021"]

1.e4 g6 2.d4 Bg7 3.Nc3 d6 4.Be3 Nf6 5.f3 O-O 6.Qd2 Re8 7.O-O-O c6 8.g4 b5
9.h4 b4 10.Nce2 Qa5 11.Kb1 Nbd7 12.h5 e5 13.hxg6 fxg6 14.Ng3 exd4 15.Bxd4 Ne5
16.g5 Be6 17.b3 Nfd7 18.f4 c5 19.Ba1 c4 20.fxe5 c3 21.Qh2 Nf8 22.exd6 Qxg5
23.Nf3 Qf4 24.Ne1 a5 25.Bb5 Red8 26.Nf5 Qg4 27.Ne7+ Kh8 28.Be2 Qg5 29.Nf3 Qe3
30.Nxg6+ Kg8 31.Nxf8 Kxf8 32.Ne5 h6 33.Ng4 Qxe4 34.Rdf1+ Ke8 35.Bb5+ Rd7
36.Nf6+ Bxf6 37.Rxf6 Qg4 38.Rg1  1-0

[Event "2nd Grand Europe Open 2013"]
[Site "Golden Sands BUL"]
[Date "2013.06.11"]
[Round "2.10"]
[White "Ali Marandi,C"]
[Black "Solodovnichenko,Y"]
[Result "1/2-1/2"]
[WhiteElo "2383"]
[BlackElo "2565"]

1.e4 g6 2.d4 d6 3.Nc3 Bg7 4.Bg5 a6 5.f4 Nd7 6.Nf3 c5 7.Qd2 b5 8.O-O-O Bb7
9.e5 f6 10.Bh4 Bxf3 11.gxf3 cxd4 12.exd6 dxc3 13.Qd5 Bh6 14.Kb1 Bxf4 15.dxe7 Nxe7
16.Qe6 Qc7 17.Bh3 Rd8 18.Rd3 Qc6 19.Rhd1 Qxe6 20.Bxe6 g5 21.Bf2 Ng6 22.Bxd7+ Kf8
23.Bb6 Rb8 24.Bd4 Be5 25.Bxc3 Bxc3 26.Rxc3 Rd8 27.Rc7 Ne5 28.Rd5 h5 29.Be6 Rxd5
30.Bxd5 Rh6 31.b3 g4 32.f4 Nf3 33.f5 Nxh2 34.c4 bxc4 35.bxc4 Nf3 36.c5 Ne5
37.c6 h4 38.Ra7 Nxc6 39.Bxc6 Rh5 40.Rxa6 Rxf5 41.Ra4 Rg5 42.Bd7 f5 43.Rf4 Ke7
44.Bxf5 g3 45.Bh3 g2 46.Bxg2 Rxg2 47.Rxh4 Kd6  1/2-1/2

[Event "2nd Grand Europe Open 2013"]
[Site "Golden Sands BUL"]
[Date "2013.06.11"]
[Round "2.41"]
[White "Lilov,V2"]
[Black "Soumya,Sw"]
[Result "1/2-1/2"]
[WhiteElo "2434"]
[BlackElo "2289"]

1.e4 g6 2.d4 Bg7 3.Nc3 d6 4.Nf3 a6 5.Bg5 h6 6.Be3 b5 7.a3 Nd7 8.Qd2 Bb7 9.h3 Rc8
10.Bd3 c5 11.O-O cxd4 12.Bxd4 Ngf6 13.a4 e5 14.Be3 b4 15.Ne2 Bxe4 16.Qxb4 Bxd3
17.cxd3 Nc5 18.Qa3 Nd5 19.Bd2 O-O 20.b4 e4 21.dxe4 Nxe4 22.Rad1 Ndc3 23.Nxc3 Nxc3
24.Rde1 Qd7 25.Bxc3 Rxc3 26.Qa2 Rb8 27.Rb1 d5 28.Rfd1 d4 29.Rd2 d3 30.Ne1 Qf5
31.Rbd1 Rxb4 32.Nxd3 Rbb3 33.Ne1 Ra3 34.Rd8+ Kh7 35.Qe2 Rc8 36.Rxc8 Qxc8
37.Qe7 Rxa4 38.Qxf7 Qf8 39.Qa7 Qf6 40.Nf3 Ra1 41.Rxa1 Qxa1+ 42.Kh2 a5 43.h4 a4
44.h5 gxh5 45.Qa8 a3 46.Qe4+ Kg8 47.Qe8+ Kh7 48.Qe4+ Kg8 49.Qe8+  1/2-1/2

[Event "27th Pula Open 2013"]
[Site "Pula CRO"]
[Date "2013.06.11"]
[Round "4.18"]
[White "Andersen,L NOR"]
[Black "Kljako,D"]
[Result "1-0"]
[WhiteElo "2288"]
[BlackElo "2176"]

1.d4 g6 2.e4 Bg7 3.Nc3 d6 4.Be3 c6 5.Qd2 b5 6.f3 h5 7.Bd3 Nd7 8.a4 b4 9.Nd1 a5
10.Ne2 Ngf6 11.Nf2 Qc7 12.O-O Ba6 13.Rac1 O-O 14.Bh6 c5 15.c3 Qb7 16.Bxg7 Kxg7
17.f4 Bxd3 18.Qxd3 e6 19.f5 exf5 20.exf5 Rae8 21.Nf4 g5 22.Qg3 Kh6 23.N4h3 Rg8
24.Qxd6 bxc3 25.bxc3 cxd4 26.cxd4 Qd5 27.Qxd5 Nxd5 28.Rc6+ N7f6 29.Nd3 Re4
30.Ne5 Rxd4 31.Nxf7+ Kg7 32.Nhxg5 Rxa4 33.Ne5 Rb8 34.Ne6+ Kg8 35.Rfc1 Ne7
36.Rc7 Nxf5 37.Rf1 Nd5 38.Rxf5 Nxc7 39.Rg5+ Kh7 40.Rg7+  1-0

[Event "27th Pula Open 2013"]
[Site "Pula CRO"]
[Date "2013.06.12"]
[Round "6.16"]
[White "Shafarostov,A"]
[Black "Yrjola,J"]
[Result "0-1"]
[WhiteElo "2086"]
[BlackElo "2366"]

1.d4 d6 2.Nc3 g6 3.e4 Bg7 4.Be3 a6 5.Qd2 b5 6.a3 Bb7 7.f3 Nd7 8.Nge2 Rc8
9.a4 b4 10.Nd5 a5 11.c4 c5 12.b3 e6 13.Ndf4 cxd4 14.Bxd4 e5 15.Bb2 Nc5 16.Qc2 Ne7
17.Nd3 Ne6 18.g3 O-O 19.Bg2 Qb6 20.Nf2 d5 21.exd5 Nxd5 22.Nd1 Rfd8 23.Nc1 Nc3
24.Nxc3 bxc3 25.Bxc3 Qe3+ 26.Ne2 Nc5 27.Kf1 Bxf3 28.Bxf3 Qxf3+ 29.Kg1 Ne4
30.Rf1 Qe3+ 31.Kg2 Nxc3 32.Qxc3 Qxe2+ 33.Rf2 Rd3 34.Qc1 Qe4+ 35.Kh3 Rxb3
36.c5 Qc6 37.Qc4 Qe6+ 38.Qxe6 fxe6 39.Rc1 e4 40.c6 Rc3 41.Rxc3 Bxc3 42.Re2 Rxc6
43.Rxe4 Kf7 44.Rh4 h5 45.Rf4+ Ke7  0-1

[Event "27th Pula Open 2013"]
[Site "Pula CRO"]
[Date "2013.06.13"]
[Round "7.17"]
[White "Plenca,Jadranko"]
[Black "Loncar,R"]
[Result "1/2-1/2"]
[WhiteElo "2150"]
[BlackElo "2402"]

1.e4 g6 2.d4 Bg7 3.Nc3 d6 4.Be2 a6 5.a4 Nc6 6.Be3 e5 7.Nf3 Bg4 8.dxe5 Bxf3
9.Bxf3 Nxe5 10.Be2 Nf6 11.O-O O-O 12.Qd2 Re8 13.Rad1 Ned7 14.f3 Qe7 15.Bc4 Rab8
16.Ba2 Rbd8 17.Bf2 Ne5 18.Bb3 Rb8 19.Ba7 Ra8 20.Bf2 Rab8 21.Ba7  1/2-1/2

[Event "2nd Grand Europe Open 2013"]
[Site "Golden Sands BUL"]
[Date "2013.06.15"]
[Round "6.36"]
[White "Pettersson,Anders1"]
[Black "Sanduleac,V"]
[Result "1-0"]
[WhiteElo "2279"]
[BlackElo "2414"]

1.d4 d6 2.e4 g6 3.Nc3 Bg7 4.Be3 c6 5.a4 Nf6 6.h3 O-O 7.Nf3 Nbd7 8.a5 Qc7
9.Bc4 Nxe4 10.Nxe4 d5 11.Bd3 dxe4 12.Bxe4 Nf6 13.Bd3 Nd5 14.Qd2 c5 15.c3 Nxe3
16.Qxe3 cxd4 17.Nxd4 a6 18.O-O e5 19.Nb3 Be6 20.Nc5 Bd5 21.Be4 Rfd8 22.b4 Bf8
23.Bxd5 Rxd5 24.Ne4 Be7 25.Rad1 Rad8 26.Rxd5 Rxd5 27.Qf3 Qc4 28.g4 Rd3 29.Qg2 h6
30.Re1 Kh7 31.Re3 Rxe3 32.fxe3 Kg7 33.Qf3 Qd3 34.Kg2 Qc2+ 35.Kh1 Qb1+ 36.Kg2 Qb3
37.Kh1 Qd5 38.Kg2 Bh4 39.Kh2 Qc6 40.Qg2 Be1 41.Qc2 Qc4 42.Kg2 Bh4 43.Kh2 Be7
44.Qg2 Qd3 45.Qf3 Bh4 46.Kh1 Qd5 47.Kh2 Be1 48.Qf6+ Kg8 49.Qxg6+ fxg6 50.Nf6+ Kf7
51.Nxd5 Ke6 52.e4 Kd6 53.Kg2 Kc6 54.Kf1 Bh4 55.Ke2  1-0